000 00603nam a2200193Ia 4500
008 240729s9999 xx 000 0 und d
022 _a2454-2830
245 0 _aJournal of the Practice of Cardiovascular Sciences
260 _aIndia
260 _bWolters Kluwer Medknow Publications
650 _a Diseases of the circulatory (Cardiovascular) system
650 _a Internal medicine
650 _a Specialties of internal medicine
650 _a Surgery | Medicine
650 _aMedicine
856 _uhttps://doaj.org/toc/5f4bbb66f18e452586319f853cea6e98
942 _2ddc
942 _cDOAJEJ
999 _c70305
_d70305
945 _a1
_bMadushi Gamage
_c1
_dMadushi Gamage